000 00349nam a2200145Ia 4500
008 240729s9999 xx 000 0 und d
022 _a2079-9276
245 0 _aResources
260 _aSwitzerland
260 _bMDPI AG
650 _aScience
856 _uhttps://doaj.org/toc/e168f5d5d6044ce9ba2fdc2fd9a4c9fa
942 _2ddc
942 _cDOAJEJ
999 _c73956
_d73956
945 _a1
_bMadushi Gamage
_c1
_dMadushi Gamage